000 00821cam a2200289 4500500
005 20260405004102.0
041 _afre
042 _adc
100 1 0 _aOrtoli, Sven
_eauthor
245 0 0 _aFrancis Hallé : un monde nommé forêt
260 _c2022.
500 _a62
690 _aAmazonie
690 _aArbre
690 _aCompétition
690 _aCoopération
690 _aÉchange
690 _aforêt
690 _aFrancis Hallé
690 _aJungle
690 _aLumière
690 _aPlante
690 _aRéseau
690 _aVégétal
786 0 _nPhilosophie magazine - Hors séries | Hors-série - Pritemps-été 2022 | HS53 | 2022-04-01 | p. 12-13 | 2104-9246
856 4 1 _uhttps://shs.cairn.info/magazine-philosophie-magazine-2022-3-6-page-12?lang=fr&redirect-ssocas=7080
999 _c2073567
_d2073567